000
00324nam a2200145Ia 4500
100
_a
Mehta V.K.
650
_a
Electrical Engineering
942
_c
RB
654
_a
Basic Electronics
245
_a
Basic Electronic
260
_b
New India Pub. House
_a
Delhi
_c
1985
082
_a
621.3
300
_a
134
546
_a
ENGLISH
999
_c
33204
_d
33204